Statistics for NBA Who's This Player? Modern Stars Edition

Click here to take the quiz!

General Stats

  • This quiz has been taken 33 times
  • The average score is 38 of 44

Answer Stats

Answer% Correct
Stephen Curry
100%
Jimmy Butler
100%
Giannis Antetokounmpo
97%
LeBron James
97%
Kevin Durant
97%
Damian Lillard
97%
James Harden
97%
Draymond Green
97%
Anthony Davis
97%
Blake Griffin
97%
Joel Embiid
93%
Kyrie Irving
93%
Klay Thompson
93%
Chris Paul
93%
Nikola Jokić
93%
Trae Young
93%
Russell Westbrook
93%
DeMarcus Cousins
90%
Kyle Lowry
90%
Kemba Walker
90%
Kawhi Leonard
90%
Paul George
90%
Luka Dončić
90%
Karl-Anthony Towns
86%
John Wall
86%
DeMar DeRozan
86%
Kristaps Porziņģis
86%
CJ McCollum
86%
Kevin Love
83%
Victor Oladipo
83%
Bradley Beal
83%
Devin Booker
83%
Andre Drummond
83%
LaMarcus Aldridge
83%
De'Aaron Fox
79%
Zach LaVine
76%
Andrew Wiggins
76%
Ben Simmons
72%
Jrue Holiday
72%
Al Horford
72%
Khris Middleton
69%
Paul Millsap
66%
Nikola Vučević
62%
D'Angelo Russell
55%

Score Distribution

Percentile by Number Answered

Percent of People with Each Score

Your Score History

You have not taken this quiz